000 01007cam a2200313 a 4500
001 2363
005 20231121134843.0
020 _a0679989730 (lib. bdg.)
020 _a9780679889731
040 _aDLC
_cDLC
_dDLC
_beng
050 0 0 _aPZ8.3.G42635
_bDo 2000
082 0 0 _a303
_221
100 1 _aGlass, Julie
245 1 2 _aA dollar for Penny /
_cby Julie Glass ; illustrated by Joy Allen.
260 _aNew York :
_bRandom House,
_c2000
300 _a29 unnumbered pages :
_bcolor illustrations
_c22 cm
490 1 _aStep into reading. A step 1 book
505 _aF
520 _aPenny sets up a lemonade stand to earn money for her mother's birthday card and learns about currency.
521 _a410
_bLexile
521 _aF
_bRaz-Plus
650 1 _aMoney
_xFiction.
650 1 _aMoneymaking projects
_xFiction.
650 1 _aBirthdays
_xFiction.
650 1 _aStories in rhyme.
700 1 _aAllen, Joy
_eillustrator
906 _a7
_bcbc
_corignew
_d1
_eocip
_f19
_gy-gencatlg
942 _2ddc
_cBK
_n0
999 _c2363
_d2363